000 00617nam a22001817a 4500
005 20251108170804.0
008 250721s1999 xx 000 0 ara d
082 1 4 _a025.3/علي
100 1 _aعليان، ربحي مصطفى
245 1 0 _aأسس الفهرسة و التصنيف لمكتبات و مراكز التوثيق و المعلومات العربية /
264 1 _aعمان :
_bدار صفاء للنشر والتوزيع،
_c1999.
300 _a304ص.
650 1 7 _aالفهرسة
650 1 7 _aالتصنيف (مكتبات )
650 1 7 _aالمكتبات
942 _2ddc
_cBK
999 _c49027
_d49027